[Event "Bundesliga 2016-17"]
[Site "Aachen GER"]
[Date "2016.12.03"]
[Round "?"]
[White "Van Foreest, Lucas"]
[Black "Meins, Gerlef"]
[Result "0-1"]
[WhiteElo "2350"]
[BlackElo "2414"]
[Annotator "M.K."]
[PlyCount "102"]
[EventDate "2016.??.??"]

1. e4 c5 2. Nf3 Nc6 3. Bb5 g6 4. Bxc6 dxc6 5. d3 Bg7 6. h3 Nf6 7. Nc3 O-O 8.
Be3 b6 9. Qd2 Ne8 10. Bh6 f6 11. O-O e5 12. Nh2 g5 13. Ng4 Bxg4 14. Bxg7 Nxg7
15. hxg4 Qd7 16. Qd1 (16. Qe2 Ne6 17. g3 h5 18. f3 hxg4 19. fxg4 Nd4 20. Qd1
Kg7 21. Nb1 Rh8 22. c3 Rh3 23. cxd4 Qxd4+ 24. Kg2 Rah8 25. Kf3 Qxb2 26. Nc3
Rxg3+ {0-1 Czebe,A (2481)-Berczes,C (2371)/Balatonlelle 2004/CBM 101 Extra})
16... Rad8 17. b3 Kf7 18. g3 h5 19. gxh5 Qh3 20. Qf3 Ne6 (20... Rh8 21. Nd1
Rxh5 22. Qg2 Qd7 23. Ne3 Rdh8 $17) 21. Qh1 Qg4 22. Nd1 Nf4 23. Re1 Rh8 24. Ne3
Nh3+ 25. Kf1 Qxh5 26. f3 Nf4 27. Qxh5+ Nxh5 28. Kg2 $11 {Diagramm #} Ng7 29. a4
Rh7 30. Rh1 Rdh8 31. Rxh7 Rxh7 32. a5 b5 33. c3 Ne6 34. Nf5 Rh8 35. a6 Ng7 36.
Nd6+ Ke7 37. Nb7 Ne6 38. Rc1 Kd7 {Diagramm #} 39. c4 $2 (39. b4 cxb4 40. cxb4
Nd4 41. Nc5+ Kc7 42. Rc3 $11) 39... b4 $17 40. Ra1 Kc7 41. Ra2 Kb6 42. Ra1 Nc7
43. Rd1 Nxa6 44. Nd6 Nc7 45. Nf5 Ne6 46. Ne3 Nd4 47. Rb1 a5 48. Nd1 a4 49. Nb2
(49. bxa4 Ka5 50. Ra1 Nc2 $19) 49... a3 50. Na4+ Kc7 51. Nxc5 Nc2 0-1

[Event "Bundesliga 2016-17"]
[Site "Aachen GER"]
[Date "2016.12.03"]
[Round "?"]
[White "Nyback, Tomi"]
[Black "Nijboer, Friso"]
[Result "1-0"]
[WhiteElo "2572"]
[BlackElo "2546"]
[Annotator "Matthias Krallmann"]
[PlyCount "91"]
[EventDate "2016.??.??"]

1. d4 f5 2. g3 Nf6 3. Bg2 g6 4. Nf3 Bg7 5. O-O O-O 6. b3 d6 7. Bb2 a5 8. c4 a4
9. b4 c6 10. a3 Nbd7 (10... Ne4 11. Nbd2 Be6 12. Nxe4 fxe4 13. Ng5 Bxc4 14.
Bxe4 Na6 15. Qc1 Bb3 16. d5 Bxb2 17. Qxb2 Qd7 18. dxc6 bxc6 19. Rac1 Nb8 20. h4
Ra7 21. Bg2 e5 22. Qd2 d5 23. f4 Qd6 24. fxe5 Rxf1+ 25. Rxf1 Qxe5 26. e4 Bc4
27. Qf2 {1-0 Todorcevic,M (2470)-Gual Pascual,A (2320)/Ponferrada 1992/EXT 2002
}) 11. Nc3 Nb6 12. Nd2 (12. c5 dxc5 13. bxc5 Nbd5 14. Qc2 Nxc3 15. Bxc3 Ne4 16.
Rab1 $14) 12... Be6 13. c5 dxc5 14. bxc5 Nbd5 15. e3 b5 $6 (15... Nxc3 16. Bxc3
Bd5 17. Rb1 Bxg2 18. Kxg2 Nd5 19. Ba1 $14) 16. cxb6 Qxb6 $2 (16... Nxc3 17.
Bxc3 Qxb6 18. Bb4 $16) 17. Nxa4 Qa7 18. Nc5 $18 {Weiß hat einen Mehrbauern
und kontrolliert die Stellung. Die schwarze Eröffnung war ein Fiasko.} Bf7 19.
Nf3 Nd7 20. Nxd7 Qxd7 21. Qc2 Rab8 22. Rab1 Qb7 23. Ba1 Qa6 24. Ng5 e6 25. Nxf7
Kxf7 26. Rfc1 Rxb1 27. Rxb1 Rc8 28. a4 Ra8 29. Bxd5 exd5 30. a5 Bf6 31. Bc3 Bd8
32. Be1 Ke6 33. Kg2 Kd7 34. h4 h5 {Diagramm #} 35. g4 $1 {Ein schöner Hebel,
der der Dame Zugang zum gegnerischen König gewährt.} hxg4 (35... Qc4 36. Qxc4
dxc4 37. gxh5 gxh5 38. Rc1 Bxh4 39. Rxc4 Be7 40. Kg3 $16) 36. h5 Ke6 37. hxg6
Kf6 38. Qc5 Kxg6 39. Qd6+ Kg5 40. Qf4+ Kg6 {Diagramm #} 41. e4 $1 {Noch ein
Hebel, diesmal kann der passive Läufer in den Königsangriff einbezogen
werden.} fxe4 42. Qxg4+ Kf6 43. Bd2 Qc8 44. Qg5+ Ke6 45. Qe5+ Kd7 46. Bb4 1-0

[Event "Bundesliga 2016-17"]
[Site "Aachen GER"]
[Date "2016.12.04"]
[Round "?"]
[White "Seger, Ruediger"]
[Black "Markgraf, Alexander"]
[Result "0-1"]
[WhiteElo "2363"]
[BlackElo "2523"]
[Annotator "M.K."]
[PlyCount "72"]
[EventDate "2016.??.??"]

1. e4 c5 2. c3 Nf6 3. e5 Nd5 4. d4 cxd4 5. Nf3 e6 6. cxd4 d6 7. Bc4 Nc6 8. O-O
Be7 9. Qe2 O-O 10. Qe4 Bd7 11. Re1 Rc8 12. a3 Na5 13. Ba2 Ba4 14. Qg4 Bc2 15.
Bxd5 Bf5 16. Qf4 dxe5 17. Rxe5 exd5 18. Rxf5 Nb3 (18... Bd6 19. Ne5 Nb3 20. Nc3
Nxa1 21. Rxf7 Bxe5 22. Rxf8+ Qxf8 23. Qxe5 Qf7 24. Be3 Nc2 25. Nxd5 Re8 26. Qd6
Qe6 (26... Nxd4 $17) 27. Qc7 {0-1 Skawinski,A (2388)-Maksimenko,A (2495)/
Poznan 2015/CBM 166 (57)}) 19. Nc3 Nxa1 {Diagramm #} 20. Qg4 $2 (20. Rxd5 Qb6
21. Rb5 Qc6 $15) 20... Qb6 21. Re5 Bf6 22. Re1 Nc2 23. Rd1 Qe6 24. Qf4 Nxa3 $19
{Diagramm #} 25. Re1 Qd7 26. Ne5 Bxe5 27. dxe5 Nb5 28. Qg3 Qc6 29. Bd2 Nxc3 30.
Bxc3 Qg6 31. Qe3 b6 32. f3 Rfd8 33. Rd1 Rc4 34. Bd4 Rc2 35. g4 h5 36. h3 hxg4
0-1

[Event "Bundesliga 2016-17"]
[Site "Munich GER"]
[Date "2017.02.19"]
[Round "8.1"]
[White "Babula, Vlastimil"]
[Black "Johansson, Linus"]
[Result "1-0"]
[WhiteElo "2545"]
[BlackElo "2399"]
[Annotator "Matthias Krallmann"]
[PlyCount "87"]
[EventDate "2017.??.??"]

1. d4 Nf6 2. c4 e6 3. Nf3 d5 4. Nc3 Nbd7 5. Bf4 dxc4 6. e3 b5 7. Nxb5 Bb4+ 8.
Nc3 Nd5 9. Rc1 N7b6 10. Bg3 O-O 11. Be2 c5 12. O-O Nxc3 (12... cxd4 13. Nxd4
Bb7 14. Nxd5 Qxd5 15. Bf3 Qd7 16. b3 Bxf3 17. Nxf3 Qxd1 18. Rfxd1 cxb3 19. axb3
Rfc8 20. Kf1 a5 21. Nd4 a4 22. bxa4 Nxa4 23. Rxc8+ Rxc8 24. Ra1 Nb6 25. Ra6 Bc5
26. Nb3 Nd7 27. Nxc5 Nxc5 28. Ra1 Ne4 29. f3 Nxg3+ 30. hxg3 h6 {1/2-1/2
Wojtaszek,R (2727)-Grandelius,N (2635)/Gibraltar 2016/CBM 171}) 13. bxc3 Ba3
14. Rb1 Ba6 15. Ne5 cxd4 16. exd4 f6 17. Nc6 Qd7 18. Bf3 Bb7 19. d5 Nxd5 (19...
exd5 20. Nxa7 Bc5 21. Nb5 Rxa2 22. Re1 Bc6 23. Nc7 $11) 20. Nd4 Rad8 (20...
Nxc3 21. Rxb7 Qxb7 22. Bxb7 Nxd1 23. Bxa8 Rxa8 24. Nc2 Nc3 25. Nxa3 Ne2+ 26.
Kh1 c3 $11) 21. Rxb7 Qxb7 22. Nxe6 Qb5 $6 (22... Qd7 23. Nxd8 Rxd8 24. Qc2 $14)
23. Nxd8 (23. Qd4 Rd7 24. Nxf8 Kxf8 25. Qe4 Nxc3 26. Qxh7 $16) 23... Rxd8 24.
Qd4 Rd7 25. Qe4 {Diagramm #} Nc7 $6 (25... Nxc3 26. Qe6+ Rf7 27. Bf4 Bb4 28.
Rc1 $16) 26. Be2 $18 Qb8 27. Bxc4+ $6 (27. Qxc4+ Rf7 28. Qa4 $18) 27... Kh8 28.
h3 Qd8 29. Rb1 Bc5 30. Kh2 Bb6 31. Re1 g6 32. h4 Kg7 33. h5 Nd5 34. Qf3 Bc7 35.
Re6 Bxg3+ 36. Qxg3 Ne7 37. h6+ Kxh6 38. Qh4+ Kg7 39. Qxf6+ Kh6 40. Qf4+ Kg7 41.
Qf6+ Kh6 42. Re3 Qc7+ 43. f4 Qxc4 44. Rh3# 1-0

[Event "Bundesliga 2016-17"]
[Site "Munich GER"]
[Date "2017.02.19"]
[Round "8.1"]
[White "Markgraf, Alexander"]
[Black "Schenk, Andreas"]
[Result "1-0"]
[WhiteElo "2523"]
[BlackElo "2463"]
[Annotator "M.K."]
[PlyCount "73"]
[EventDate "2017.??.??"]

1. e4 e6 2. d4 d5 3. Nc3 Nf6 4. e5 Nfd7 5. f4 c5 6. Nf3 Be7 7. Be3 b6 8. Be2 ({
Hier wÃNre der Ã1/4bliche weiÃYe Plan mit langer Rochade ungÃ1/4nstig...} 
8. Qd2 O-O 9. O-O-O Nc6 10. Kb1 {... da Schwarz mit} c4 11. f5 b5 {schnell zum
Angriff kommt.} 12. Nxb5 Rb8 13. Nd6 Bxd6 14. exd6 Nf6 15. Bg5 Qb6 16. Qc3 Ne4
17. Qa3 exf5 18. Be2 Nxg5 19. Nxg5 Nxd4 20. Bh5 g6 21. Qc3 Nb5 22. Qf6 d4 23.
Kc1 Nc3 24. bxc3 Qb2+ 25. Kd2 Qxc3+ 26. Ke2 d3+ {0-1 (26) Saric,I (2628)-Svane,
R (2467) Kozloduy 2013}) {Schulz,A: Ein aktuelles Beispiel aus dem
Spitzenschach:} 8... O-O 9. O-O Ba6 (9... Nc6 10. Qe1 f5 11. a3 Bb7 12. Bb5 Qc8
13. Kh1 Ba6 14. Bxc6 Qxc6 15. Rg1 Rf7 16. Qd2 Nf8 17. Nd1 Ng6 18. Nf2 Nh4 19.
Nxh4 Bxh4 20. a4 Rc8 21. Rgc1 Rfc7 22. Nh3 Be7 23. Ng1 Bb7 24. Nf3 a5 25. Bf2
Qe8 26. c3 Bc6 27. Qc2 Bd7 28. Be3 Rb7 29. h3 c4 30. Rg1 b5 31. axb5 Rxb5 32.
Raf1 Qh5 33. Kh2 Ra8 34. Bc1 a4 35. Rf2 Be8 36. Nd2 Qf7 37. Nb1 Qf8 38. Na3
Bxa3 39. bxa3 Bg6 40. Re1 Rb3 41. Rff1 Rab8 42. Re3 Qe8 43. Rfe1 Rb1 44. Qf2
R8b3 45. Qa2 Qb5 46. Rg1 Qb6 47. Rge1 Qd8 48. Rg1 Qh4 49. Rg3 Bh5 50. Qf2 Kh8
51. Rf1 Ra1 52. Qd2 Qe7 53. Re3 Rbb1 54. Ree1 Qb7 55. Qf2 Bg6 56. Qh4 Qd7 57.
Bb2 Rxe1 58. Rxe1 Rxe1 59. Qxe1 Qb5 60. Qd2 Qb3 61. Bc1 Qb1 62. Qb2 Qxb2 63.
Bxb2 {1/2-1/2 (63) Anand,V (2785)-Caruana,F (2791) Dubai 2014}) 10. f5 (10.
Bxa6 Nxa6 11. Ne2 Rc8 12. c3 b5 13. g4 b4 14. Ng3 bxc3 15. bxc3 cxd4 16. Bxd4
Nac5 17. f5 f6 18. fxe6 Nxe6 19. Nf5 fxe5 20. Nxe7+ Qxe7 21. Nxe5 Nxd4 22. Nxd7
Ne2+ 23. Kg2 Qe4+ 24. Kh3 Rxc3+ 25. Kh4 g5+ 26. Kh5 Qg6# {0-1 (26) Siemes,R 
(2051)-Steinle,C (2186) Dortmund 2014}) 10... Bxe2 11. Nxe2 exf5 12. c3 cxd4 (
12... Na6 13. Qd3 Nc7 14. Qxf5 f6 $2 ({Die Maschine empfiehlt} 14... Nb8 $5 15.
Nf4 Qd7) 15. e6 Nb8 (15... g6 16. Qh3 Nb8 17. Nf4 $16) 16. Nf4 Qd6 $2 ({
Nicht wirklich besser war} 16... Bd6 {Nach} 17. dxc5 bxc5 18. Rad1 Nc6 19. Nxd5
Ne7 20. Nxe7+ Qxe7 21. Rxd6 Qxd6 22. Bxc5 Qxe6 23. Qxe6+ Nxe6 24. Bxf8 Kxf8 {
hat Schwarz den Angriff zwar durch Tausch entschÃNrft, hat aber ein sehr
schwieriges Endspiel vor sich.}) 17. dxc5 ({Stark war auch} 17. Nh4 Nc6 18. Qg4
$18) 17... bxc5 18. Rad1 Rd8 19. b4 $1 {WeiÃY braucht das Feld d4 fÃ1/4r
seine Gewinnidee.} cxb4 20. Ng5 $1 fxg5 21. Qf7+ Kh8 22. Bd4 {Das war die Idee.
} Rg8 {Nun folgt ein Schluss fÃ1/4r die Taktik-LehrbÃ1/4cher:} 23. Ng6+ hxg6
24. Qxg6 Qxe6 25. Qh5+ {Studer beweist nun Sportsgeist und lÃNsst sich
Mattsetzten.} Qh6 26. Qxh6# {1-0 Bortnyk,O (2505)-Studer,N (2404)/Durban 2014/
CBM 162 Extra/ [Schulz,A]}) 13. cxd4 b5 14. Qd3 g6 15. Bh6 Re8 16. Nf4 Nc6 17.
Nxd5 Nb6 (17... a6 18. Rac1 Nb4 19. Nxe7+ Qxe7 20. Qb3 Rac8 21. Bg5 Qf8 22. Bd2
Nc6 23. a4 $16) 18. Nxe7+ Nxe7 19. Qxb5 Nbd5 20. Qa6 Qd7 21. Rac1 Rab8 22. b3
f4 23. Nd2 Rb4 24. Rc4 Nf5 25. Bxf4 Nxd4 $4 (25... Rxc4 26. Nxc4 Nb4 27. Qa4
Qxa4 28. bxa4 Nxd4 29. Nd6 $14) 26. Rxb4 Nxb4 27. Qc4 $18 {Diagramm #} Nbc6 28.
Ne4 Kg7 29. Nf6 Qe7 30. Bg5 Qe6 31. Nxe8+ Qxe8 32. Bf6+ Kg8 33. Rc1 Qd7 34. h3
Qf5 35. Kh1 Qf4 36. Rd1 Qe3 37. Rxd4 1-0

[Event "Bundesliga 2016-17"]
[Site "Munich GER"]
[Date "2017.02.19"]
[Round "8.1"]
[White "Bezold, Michael"]
[Black "McShane, Luke J"]
[Result "0-1"]
[WhiteElo "2502"]
[BlackElo "2655"]
[Annotator "Matthias Krallmann"]
[PlyCount "72"]
[EventDate "2017.??.??"]

1. c4 Nf6 2. Nc3 g6 3. g3 Bg7 4. Bg2 O-O 5. Nf3 Nc6 6. d3 a6 7. Rb1 b5 8. O-O
Rb8 9. b3 d6 10. Bb2 e5 11. Nd2 Ne7 12. Rc1 c6 13. e3 Bg4 14. Ne2 Qd7 15. d4
Rbd8 16. Re1 h5 17. Qc2 h4 18. dxe5 dxe5 19. Nf3 hxg3 20. Nxg3 Bxf3 21. Bxf3
Qe6 22. Ba3 Rfe8 23. Red1 Rc8 24. Kg2 $6 (24. Bg2 Nf5 25. Bh3 e4 26. Bb2 Rc7
27. Nxf5 gxf5 28. cxb5 axb5 29. Qc5 Nd7 30. Qxf5 Qxf5 31. Bxf5 Bxb2 32. Rxd7
Rxd7 33. Bxd7 Rd8 34. Rc2 Rxd7 35. Rxb2 $16) (24. Rd6 Qh3 25. Bg2 Qh4 26. Ne4
Rc7 27. Rcd1 $14) 24... Nf5 25. Nxf5 e4 26. Be2 $2 (26. Bxe4 Nxe4 27. Ng3 Ng5
28. Kh1 $14) 26... Qxf5 27. Bd6 Ng4 28. Bg3 Be5 {Diagramm #} 29. Rd2 $2 (29.
Bxg4 Qxg4 30. Rd2 Red8 31. Rcd1 $11) 29... Nxh2 $1 30. Bxh2 Bxh2 31. Rh1 (31.
Kxh2 Qxf2+ 32. Kh1 Qh4+ 33. Kg1 Qg3+ 34. Kf1 Re5 $19) 31... Be5 32. Kf1 Kg7 33.
Rg1 Qh3+ 34. Ke1 Rcd8 35. Kd1 Bf6 36. Kc1 Qh2 {Diagramm #} 0-1

[Event "Bundesliga 2016-17"]
[Site "Munich GER"]
[Date "2017.02.19"]
[Round "8.1"]
[White "Dragnev, Valentin"]
[Black "Hracek, Zbynek"]
[Result "0-1"]
[WhiteElo "2438"]
[BlackElo "2594"]
[Annotator "M.K."]
[PlyCount "66"]
[EventDate "2017.??.??"]

1. e4 c5 2. Nf3 d6 3. Bb5+ Bd7 4. Bxd7+ Nxd7 5. O-O Ngf6 6. Qe2 Rc8 7. b3 g6 8.
Bb2 Bg7 9. d4 cxd4 10. Nxd4 O-O 11. c4 Nh5 (11... a6 12. Nc3 e6 13. Rfd1 Qc7
14. Rac1 Rfd8 15. g3 Qb6 16. Kg2 Nc5 17. f3 Nfd7 18. Nc2 Ne5 19. Ne3 Qa5 20.
Rd2 Rb8 21. Qd1 b5 22. cxb5 axb5 23. Ne2 Qb6 24. Bd4 b4 25. Nc4 Nxc4 26. Rxc4
Bxd4 27. Rcxd4 Nb7 28. Rc2 e5 29. Rdc4 Na5 30. Rc7 Rb7 31. Rc8 Rxc8 32. Rxc8+
Kg7 33. Qc2 Ra7 34. g4 Nb7 35. Ng3 Nc5 36. Qd2 Ne6 37. Ne2 Ra5 38. Rc4 Rb5 39.
f4 d5 40. exd5 Qb7 41. Kf2 Rxd5 42. Qe3 exf4 43. Nxf4 Nxf4 44. Rxf4 Qc7 45. Kg2
Qc6 46. Rf3 h5 47. h3 Qd7 48. gxh5 Rxh5 49. Rf4 Rg5+ 50. Kf2 Rd5 51. Rxb4 Qf5+
52. Rf4 Qc2+ 53. Kg1 Qxa2 54. Qc3+ Kg8 55. Qc8+ Kg7 56. Qc3+ {1/2-1/2 Kocheev,
A (2358)-Zhigalko,A (2598)/Minsk 2016/CBM 170 Extra}) 12. Rd1 a6 13. Nc3 e6 14.
g3 Re8 15. Rac1 Qa5 16. Nf3 Rc6 17. Na4 (17. Nd4 Rcc8 18. Nf3 $11) 17... Bxb2
18. Qxb2 Nhf6 19. Re1 (19. Nc3 b5 20. cxb5 axb5 21. Nd4 Rb6 22. Qe2 Reb8 23.
Ndxb5 Rxb5 24. Nxb5 Rxb5 25. Rxd6 $14) 19... b5 20. Nd4 Rcc8 21. cxb5 axb5 22.
Nc3 b4 23. Na4 Rxc1 24. Qxc1 Ne5 25. Qc2 Qa7 26. Rd1 Qb7 27. f4 $6 (27. f3 d5
28. exd5 Qxd5 29. f4 Neg4 30. Nc6 Qf3 $15) 27... Rc8 28. Qe2 Ned7 29. Re1 $4 (
29. Nb5 Qxe4 30. Qxe4 Nxe4 31. Nxd6 Nxd6 32. Rxd6 Rc1+ 33. Kg2 Rc2+ 34. Kf3 Nf6
$15) 29... Qa7 $19 30. Rd1 e5 31. fxe5 dxe5 32. Qf3 exd4 33. e5 Ne8 0-1

[Event "Bundesliga 2016-17"]
[Site "Hamburg GER"]
[Date "2017.03.18"]
[Round "9.1"]
[White "Werle, Jan"]
[Black "Naiditsch, Arkadij"]
[Result "1/2-1/2"]
[WhiteElo "2555"]
[BlackElo "2684"]
[Annotator "Krallmann / Buchal"]
[PlyCount "124"]
[EventDate "2017.??.??"]

1. d4 Nf6 2. c4 g6 3. Nc3 Bg7 4. e4 d6 5. Nf3 O-O 6. Be2 {[#]} Qe8 $5 {Eine
interessante Nebenvariante.} (6... e5 7. O-O) 7. e5 $5 ({Normal ist} 7. O-O e5
{und jetzt entweder} 8. d5 {oder} (8. dxe5 dxe5 9. b4 Bg4 10. b5) 8... a5) 7...
dxe5 (7... Nfd7 8. exd6 (8. Bg5 dxe5 9. Nd5) 8... cxd6 9. O-O Nf6 10. h3 Bf5
11. Re1 Qd8 12. d5 a5 13. Nd4 Bd7 14. Bf1 Na6 15. Ndb5 Nc5 16. Be3 Re8 17. Bd4
a4 18. Qf3 Qb6 {1/2-1/2 Turov,M (2536) -Inarkiev,E (2591)/Pardubice 2004/ CBM
101 Extra}) 8. Nxe5 Nbd7 (8... c5 $142) 9. Bf4 c6 10. O-O Nxe5 11. Bxe5 Be6 {
[#]} 12. Qd2 Rd8 13. Qe3 a6 14. h3 $16 b5 15. b3 Rd7 16. a4 b4 17. Na2 a5 18.
Nc1 Rd8 19. Nd3 Bf5 20. Nc5 Nd7 21. Bxg7 Kxg7 {[#]} 22. Nxd7 (22. Bf3 $142 Nxc5
23. Qe5+ Kg8 24. Qxc5 Qd7 25. Qxa5 Qxd4 26. Qxb4 Rb8 27. Qxe7 Bd3 28. Rfc1 Rxb3
29. a5 $18) 22... Qxd7 23. Qe5+ Kg8 24. Qxa5 $16 Bc2 25. Rac1 (25. Bd1 Bd3 26.
Re1 Qxd4 27. Qe5 $16) (25. Rfc1 $1 Qxd4 26. Qxb4 Rb8 27. Qe1 Bxb3 28. a5 $18)
25... Bxb3 26. Qxb4 Rb8 27. Qa3 Qxd4 28. a5 Qd6 {[#]} 29. c5 (29. Ra1 $16 Qe6
30. Rfe1 Bxc4 31. Bxc4 Qxc4 32. Rxe7 Rb3 33. Qd6 Rfb8) 29... Qc7 30. a6 Bd5 31.
Rb1 Qe5 32. Qe3 Qxe3 33. fxe3 Rxb1 34. Rxb1 Kg7 35. Rb4 $6 (35. Rb7 Kf6 36. a7
Ra8 37. Bd3 Ke5 38. Rxe7+ Be6 39. Ba6 h5 40. h4 Kd5 41. Bb7 Rxa7 42. Bxc6+ Kxc6
43. Rxa7 Kxc5 44. Kf2 $18) 35... f5 36. Rb7 Kf6 37. Kf2 Ra8 38. a7 h6 39. Rc7
e5 40. g4 {[#]} Kg5 41. gxf5 gxf5 42. Rg7+ Kf6 43. Rb7 Kg5 44. Ke1 Kh4 45. Bf1
Kg3 46. Kd2 h5 47. Rg7+ Kf2 48. Be2 h4 49. Bd1 {[#]} Rd8 $11 50. Rd7 $5 Rxd7
51. a8=Q Bf3+ 52. Kc3 Rxd1 53. Qh8 e4 54. Qh6 Rd3+ 55. Kc2 Rxe3 56. Qxc6 Re2+
57. Kc3 e3 58. Qf6 Ra2 {[#]} 59. Qxh4+ Kg2 60. Qg5+ Kf2 61. Qh4+ Kg2 62. Qg5+
Kf2 1/2-1/2

[Event "2.BLN 1617 SV Werder Bremen - Turm Kiel"]
[Site "?"]
[Date "2016.10.16"]
[Round "1.4"]
[White "Grigorian, Spartak"]
[Black "Berg, Klaus"]
[Result "1-0"]
[WhiteElo "2293"]
[BlackElo "2358"]
[Annotator "Martin Breutigam, Weser-Kurier"]
[PlyCount "21"]
[EventDate "2016.??.??"]

1. d4 Nf6 2. c4 c5 3. d5 b5 4. cxb5 a6 5. bxa6 g6 6. Nc3 Bg7 $5 ({Früher
spielte man in dieser Variante des Wolga-Gambits meist} 6... Bxa6 7. e4 Bxf1 8.
Kxf1 d6 9. Nf3 Bg7 10. g3 O-O 11. Kg2 Nbd7 {Doch ob Schwarz wirklich
nennenswerten Druck auf der a- und b-Linie zustande bekommt, gilt seit der
Entdeckung von} 12. a4 $1 {als fraglich.}) 7. e4 {[#]} Qa5 $2 {Wolga-Experte
Berg hat hier vermutlich etwas verwechselt. Stärker ist} (7... O-O 8. Nf3 Qa5
{und dann wäre} 9. a7 $2 {sinnlos wegen} Nxe4 $1 10. axb8=Q Rxb8 {mit
schwarzem Vorteil.}) 8. a7 $1 Nxe4 $2 ({Unschön sah auch} 8... Rxa7 $6 {
aus, wegen} 9. Bd2 {und es droht 10.e5 sowie 10.Sb5. Versucht werden musste}) (
8... Na6) 9. axb8=Q Rxb8 ({Oder} 9... Nxc3 10. Qxa8 {und gewinnt.}) 10. Nge2
Nxc3 (10... Nxc3 {Vielleicht dachte Berg an} 11. Nxc3 $4 Rxb2 $1 {und
plötzlich würde Schwarz gewinnen. Den folgenden Zug muss er völlig außer
Acht gelassen haben.}) 11. Qd2 $1 {[#] Und weil Weiß nach 12.Sxc3 eine glatte
Mehrfigur behalten wird, gab Berg auf.} 1-0

[Event "2.BLN 1617 SV Werder Bremen - HSK Liste"]
[Site "?"]
[Date "2016.12.04"]
[Round "3.1"]
[White "Schneider, Ilja"]
[Black "Werle, Jan"]
[Result "1-0"]
[WhiteElo "2500"]
[BlackElo "2560"]
[Annotator "Matthias Krallmann"]
[PlyCount "129"]
[EventDate "2016.??.??"]

1. Nf3 Nf6 2. g3 e6 3. c4 d5 4. d4 Be7 5. Bg2 O-O 6. O-O dxc4 7. Qc2 a6 8. a4
Bd7 9. Qxc4 Bc6 10. Bf4 a5 11. Nc3 Na6 12. Rfd1 Nb4 13. Rac1 Nfd5 (13... Rc8
14. Ne5 Bxg2 15. Kxg2 Nfd5 16. Bd2 Nb6 $11 {1/2-1/2 Laxman,R (2425)
-Karthikeyan,M (2510)/Nagpur 2015/EXT 2016 (70)}) 14. Ne5 Nxf4 15. gxf4 Bxg2
16. Kxg2 c6 17. e3 Kh8 18. Ne4 Qe8 19. Kh1 Rd8 20. Qe2 f6 21. Nc4 Rd5 22. Rg1
Rg8 23. Rg3 Bd8 24. Rcg1 g6 25. Nc3 Rd7 26. h4 Rdg7 27. Qf3 Bc7 28. Ne4 Nd5 29.
Nc5 b6 30. Nd3 Ne7 31. Rh3 Nf5 32. Nd2 Qd7 33. Ne4 Rf8 {Diagramm #} 34. h5 $6
gxh5 (34... g5 35. h6 Rg6 36. fxg5 fxg5 37. Rxg5 Ng3+ 38. Rhxg3 Rxf3 39. Rxf3
Rxh6+ 40. Kg2 $11) 35. Qxh5 Rxg1+ 36. Kxg1 Rg8+ 37. Kf1 Bd8 38. b4 axb4 39. a5
bxa5 40. Ndc5 Qa7 $6 (40... Nxe3+ 41. fxe3 Qg7 42. Rg3 Qe7 43. Rxg8+ Kxg8 44.
f5 $16) 41. Nxe6 $18 b3 42. Qxf5 b2 43. N4c5 Bb6 44. Ke2 Bxc5 45. Nxc5 (45.
Qxf6+ Rg7 46. Rh1 Ba3 47. Rg1 $18) 45... Rg1 46. Rg3 Rxg3 47. fxg3 Qf7 48. Qb1
Qh5+ 49. Kd3 Qh2 50. Qc2 Qxg3 51. Qxb2 h5 52. d5 Qg6+ 53. Ne4 cxd5 54. Qxf6+
Kh7 55. Qxg6+ Kxg6 56. Nc3 h4 57. Ke2 h3 58. Kf3 h2 59. Kg2 Kf5 60. Nxd5 Ke4
61. Nc3+ Kxe3 62. f5 Kd4 63. f6 Kxc3 64. f7 a4 65. f8=Q 1-0

[Event "2.BLN 1617 SV Werder Bremen - HSK Liste"]
[Site "?"]
[Date "2016.12.04"]
[Round "3.4"]
[White "Grigorian, Spartak"]
[Black "Voege, Tobias"]
[Result "1-0"]
[WhiteElo "2335"]
[BlackElo "2250"]
[Annotator "Matthias Krallmann"]
[PlyCount "51"]
[EventDate "2016.??.??"]

1. d4 e6 2. c4 Bb4+ 3. Nc3 f5 4. e3 Nf6 5. Bd3 O-O 6. Nge2 d6 7. Qc2 Nc6 8. O-O
Bxc3 9. Qxc3 a5 10. f3 (10. b3 e5 11. Ba3 Re8 12. d5 Ne7 13. f4 b5 $11 {
1-0 Yakovich,Y (2585)-Gleizerov,E (2557)/Stockholm 2001/CBM 079 Extra (39)})
10... e5 11. d5 Ne7 12. f4 Ng6 13. b3 Qe7 14. Bb2 {Diagramm #} Ne4 $2 (14... a4
15. b4 Bd7 16. Rae1 e4 17. Bb1 Qf7 $11) 15. Bxe4 fxe4 16. fxe5 Rxf1+ 17. Rxf1
Nxe5 18. Ng3 Bd7 19. Nxe4 Rf8 20. Rxf8+ Qxf8 21. c5 Bb5 22. h3 Qf5 {Diagramm #}
23. cxd6 $1 Qxe4 24. dxc7 Qb1+ 25. Kh2 Bd7 26. c8=Q+ 1-0

[Event "2.BLN 1617 SV Werder Bremen - HSK Liste"]
[Site "?"]
[Date "2016.12.04"]
[Round "3.6"]
[White "Mueller, Oliver"]
[Black "Hoerstmann, Rudi"]
[Result "1-0"]
[WhiteElo "2295"]
[BlackElo "2237"]
[Annotator "Matthias Krallmann"]
[PlyCount "93"]
[EventDate "2016.??.??"]

1. d4 g6 2. c4 Bg7 3. g3 c5 4. d5 d6 5. Nc3 Bxc3+ 6. bxc3 f5 7. Nf3 Qa5 8. Qb3
Nd7 9. Bg2 Nb6 10. Nd2 Bd7 11. O-O O-O-O (11... Nf6 12. Re1 O-O 13. e4 Ba4 14.
Qb2 fxe4 15. Nxe4 Nxc4 $15 {0-1 Salemgareev,T (2050)-Vavulin,M (2435)/St
Petersburg 2015/CBM 167 Extra (62)}) 12. Re1 Nf6 13. e4 fxe4 14. Nxe4 Ba4 15.
Qb1 Nxc4 16. Nxf6 exf6 17. Re7 Rd7 18. Bh3 f5 19. Rxd7 Bxd7 20. Qb3 b5 21. Bf1
Nb6 22. Bf4 Kc7 23. c4 bxc4 24. Bxc4 Re8 25. Bf1 Re1 $6 (25... c4 26. Bxc4 Ba4
27. Qd3 Re1+ 28. Rxe1 Qxe1+ 29. Qf1 Qxf1+ 30. Bxf1 Nxd5 $15) 26. Rxe1 Qxe1 27.
Qa3 Na4 28. Qd3 Qb4 29. a3 Qb6 30. Qe3 Nb2 31. Qe7 c4 32. Bg5 Qb8 33. Bf4 Qb6
34. Bg5 Kc8 (34... Qb8) 35. Be3 Qa6 36. Bf4 Kc7 37. Bg5 Qb5 38. Qd8+ Kb7 39.
Bf4 Nd3 40. Bxd6 Ka6 41. Qc7 g5 42. h3 f4 $2 (42... h5 43. h4 g4 44. Bg2 $16)
43. gxf4 gxf4 44. Bxf4 Qxd5 45. Bg2 Qe6 46. Bd2 Qb6 {Diagramm #} 47. Bb7+ {
Sehr schön!} 1-0